Sài Gòn tạp pín lù /

Saved in:
Bibliographic Details
Main Author: Vương Hồng Sển
Format: Book (Paper)
Language:Vietnamese
Published: Đồng nai : Tổng hợp, 2005
Subjects:
Tags: Add Tag
No Tags, Be the first to tag this record!
Institutions: Thư viện Trường Đại học Đà Lạt
LEADER 00704nam a2200301 4500
001 DLU050048401
005 ##20050901
040 # # |a DLU  |b vie 
041 # # |a vie 
044 # # |a vn 
082 # # |a 911.597  |b VU-S 
100 # # |a Vương Hồng Sển 
245 # # |a Sài Gòn tạp pín lù /  |c Vương Hồng Sển 
260 # # |a Đồng nai :  |b Tổng hợp,  |c 2005 
300 # # |a 344 tr. ;  |c 21 cm 
653 # # |a Địa lý 
653 # # |a Lịch sử 
653 # # |a Tp. Hồ Chí Minh 
923 # # |a 32/2005 
992 # # |a 45.000 
994 # # |a DLU 
900 # # |a True 
911 # # |a Đào Thị Thu Huyền 
925 # # |a G 
926 # # |a A 
927 # # |a SH 
980 # # |a Thư viện Trường Đại học Đà Lạt